• 首页
  • 本馆介绍
  • 公告通知
  • 最新文献
  • 馆藏检索
  • 电子资源
  • 读者导购
  • 参考咨询
  • 我的图书馆
  • 登录
  • 详细信息显示
  • 放入我的书架
  • 预约/预借图书
  • 作者相关作品
  • 分类相关作品
  • 丛书相关作品
  • 出版社相关作品

书目信息

  • 表格格式
  • 工作单格式
  • 卡片格式
题名:
全国人民代表大会党务委员会关于严惩严重破坏经济的罪犯的决定
    
 
作者:
分册:  
出版信息: 北京   法律出版社  1982
页数: 14页
开本: 20cm
丛书名:
单 册:
中图分类: D622
科图分类:
主题词: 政治--中国
电子资源:
ISBN:
000 00583nam0 2200181 450
001 0660893702
005 20060802083346.98
010    @dCNY0.07
100    @a20060801d1982 km y0chiy0120 ea
101 0  @achi
102    @aCN@b110000
200 1  @a全国人民代表大会党务委员会关于严惩严重破坏经济的罪犯的决定@Aquan guo ren min dai biao da hui dang wu wei yuan hui guan yu yan cheng yan zhong po huai jing ji de zui fan de jue ding
210    @a北京@c法律出版社@d1982
215    @a14页@d20cm
606 0  @a政治@x中国
690    @aD622@v3
801  0 @aCN@bPFT@c20060802
905    @a10447@dD622@e25
    
    全国人民代表大会党务委员会关于严惩严重破坏经济的罪犯的决定.-北京:法律出版社,1982
    14页;20cm
    
    
    ISBN :CNY0.07
    
●
相关链接 在E读中查询图书 在五车中查询图书 在当当中查询图书 在豆瓣中查询图书


正题名:全国人民代表大会党务委员会关于严惩严重破坏经济的罪犯的决定     索取号:D622/25         预约/预借

序号 登录号 条形码 馆藏地/架位号 状态 备注
1 0441334   204413349   密集书库/ [索取号:D622/25] 在馆    
2 0441604   204416042   密集书库/ [索取号:D622/25] 在馆    
3 0441605   204416051   密集书库/ [索取号:D622/25] 在馆    
唐山师范学院图书馆 欢迎您!
大连网信软件有限公司© 版权所有